All Batman Actors - Statistics

General Stats
  • This quiz has been taken 68 times
    31 since last reset
  • The average score is 23 of 68
Answer Stats
Hint Answer % Correct
Batman & Robin (1997) George Clooney
92%
Dark Knight Trilogy (2005-2012) Christian Bale
88%
DCEU (2016-2023) Ben Affleck
83%
Batman (1989) Michael Keaton
79%
The Batman (2022-) Robert Pattinson
79%
Batman Forever (1995) Val Kilmer
79%
Batman (1989) Jack Nicholson
67%
Batman (1966) Adam West
63%
Dark Knight Trilogy (2008) Heath Ledger
63%
Batman Forever (1995) Jim Carrey
63%
Joker (2019-2024) Joaquin Phoenix
63%
Dark Knight Trilogy (2012) Tom Hardy
58%
Batman & Robin (1997) Arnold Schwarzenegger
54%
Batman Returns (1992) Danny DeVito
54%
DCEU (2016-2021) Jared Leto
54%
DCEU (2016-2021) Margot Robbie
54%
Dark Knight Trilogy (2005-2012) Cillian Murphy
50%
Dark Knight Trilogy (2005-2012) Morgan Freeman
50%
Dark Knight Trilogy (2012) Anne Hathaway
46%
Catwoman (2004)* Halle Berry
46%
Joker 2 (2024) Lady Gaga
46%
Dark Knight Trilogy (2005-2012) Liam Neeson
46%
Dark Knight Trilogy (2005-2012) Michael Caine
46%
Batman Returns (1992) Michelle Pfeiffer
46%
Batman Forever (1995) Tommy Lee Jones
46%
The Batman (2022-) Zoe Kravitz
46%
The Batman (2022-) Colin Farrell
42%
Dark Knight Trilogy (2005-2012) Gary Oldman
42%
The Batman (2022-) Paul Dano
42%
Batman & Robin (1997) Uma Thurman
42%
Dark Knight Trilogy (2008) Aaron Eckhart
33%
The Batman (2022-) Barry Keoghan
33%
DCEU (2016) Will Smith
33%
The Batman (2022-) Andy Serkis
29%
Batman (1966) Cesar Romero
29%
Batman Forever (1995) Chris O'Donnell
29%
Batman & Robin (1997) Alicia Silverstone
25%
The Batman (2022-) Jeffrey Wright
25%
Batman (1989) Billy Dee Williams
21%
Batman (1966) Burt Ward
21%
DCEU (2016-2021) J. K. Simmons
21%
Dark Knight Trilogy (2012)* Joseph Gordon-Levitt
21%
Batman (1989) Michael Gough
21%
The Batman (2022) John Turturro
17%
Batman (1989) Kim Basinger
17%
DCEU (2020) Ewan McGregor
13%
DCEU (2016-2023) Jeremy Irons
13%
Dark Knight Trilogy (2012) Marion Cotillard
13%
Batman (1989) Pat Hingle
13%
DCEU (2021) Sean Gunn
13%
DCEU (2016) Adewale Akinnuoye-Agbaje
8%
Batman (1966) Alan Napier
8%
Batman (1966) Burgess Meredith
8%
Dark Knight Trilogy (2008) Eric Roberts
8%
Batman (1966) Frank Gorshin
8%
Batman (1966)* Lee Meriwether
8%
Batman (1966) Neil Hamilton
8%
DCEU (2021) Taika Waititi
8%
Dark Knight Trilogy (2005) Tom Wilkinson
8%
DCEU (2020) Chris Messina
4%
The Penguin (2024) Clancy Brown
4%
The Penguin (2024) Cristin Milioti
4%
DCEU (2021) Daniela Melchior
4%
Joker (2019) Douglas Hodge
4%
Joker 2 (2024) Harry Lawtey
4%
Batman & Robin (1997) Jeep Swenson
4%
The Penguin (2024) Mark Strong
4%
Dark Knight Trilogy (2005) Tim Booth
4%
No matching quizzes found
Score Distribution
Percent of People with Each Score
Percentile by Number Answered
Your Score History
You have not taken this quiz since the last reset